01489nam a2200253Ii 4500020001800000020001500018040000800033082002600041100001900067245003300086246003000119300006800149500017300217500007600390520048100466650003000947650002200977650001100999700001801010710003001028942001001058999001701068952015001085 a9780998500669 a0998500666 cOUN aTCH BLA 1959 C111 Or.1 aWeefur, Leila,10aBLACK TRINITYbT.C.H. JACOBS3 aBetween beauty and horror a62 pages :bcolor illustrations, portraits ;c15 cm +ebookmark aPublished on the occasion of the exhibition Leila Weefur: Between Beauty & Horror at Aggregate Space Gallery, 801 W. Grand Ave, Oakland, CA 15 Feburary - 23 March, 2019 aAccompanied by a bookmark listing the International Morse Code alphabet aLeila Weefur's Between Beauty & Horror is an extension of Weefur's video installation of the same name exploring the symbiotic nature of beauty and horror. The film's poetic narrative explores this particular duality as an intrinsic part of the Black experience. It posits abjection, violence, and eroticism as the ingredients that make up the "between" and are considered to be the binding agents of Beauty & Horror. The book features essays by Leila Weefur & Elena Gross. -- 0aVideo installations (Art) 0aAesthetics, Black 0aBlacks1 aGross, Elena,2 aSming Sming Books (Firm), cAEDBB c20971d20971 0010406TCH_BLA_1959_000000000000000_C111_OR70992654aLBCbLBCcC111d2023-01-24oTCH BLA 1959 C111 Or.pa24216r2023-01-24w2023-01-24yAEDBB